Geography Quiz

Random Geography or World Quiz

4x4 Grid Match: Geography Quiz Stats

 Plays Quiz Updated Jul 20, 2017

Support Sporcle.
Go Orange.
Score 0/16 Timer 04:00
1 Play Today
% Correct
Everest
93.2%
Kilimanjaro
91.5%
Seine
90.1%
Zambezi
84.2%
Potomac
83.4%
Matterhorn
82.5%
Ibiza
82%
Hispaniola
78.8%
% Correct
Indus
78.7%
Tanganyika
72.8%
São Tomé
71.2%
Champlain
70.1%
Baikal
67.9%
Denali
66.9%
Ladoga
55.3%
Luzon
53%

You're not logged in!

Compare scores with friends on all Sporcle quizzes.
OR
Log In
Forgot?

From the Vault

Countries by 2000 Leaders

by Milan

2011 didn't turn out to be a great year for a few of them.
Remove Ads.
Support Sporcle.
Get the best of Sporcle when you Go Orange. This ad-free experience offers more features, more stats, and more fun while also helping to support Sporcle. Thank you for becoming a member.

Show Comments

Extras

Top Quizzes Today


Score Distribution

Your Account Isn't Verified!

In order to create a playlist on Sporcle, you need to verify the email address you used during registration. Go to your Sporcle Settings to finish the process.

Report this User

Report this user for behavior that violates our Community Guidelines.

Details: